Cánones de regulación y tarifas de riego motivados por obras hidraúlicas (Record no. 22806)

MARC details
000 -LEADER
campo de control de longitud fija 00737nam a2200181 i 4500
001 - NÚMERO DE CONTROL
campo de control 22806
003 - IDENTIFICADOR DE NÚMERO DE CONTROL
campo de control ES-MaACL
005 - FECHA Y HORA DE LA ÚLTIMA TRANSACCIÓN
campo de control 20230906152747.0
007 - CAMPO FIJO DE DESCRIPCIÓN FÍSICA--INFORMACIÓN GENERAL
campo de control de longitud fija t|
008 - DATOS DE LONGITUD FIJA--INFORMACIÓN GENERAL
campo de control de longitud fija 021204s1981 sp ||||1| spa d
100 1# - ENTRADA PRINCIPAL--NOMBRE DE PERSONA
Nombre de persona Álvarez Rico, Manuel.
9 (RLIN) 20933
245 10 - MENCIÓN DEL TÍTULO
Título Cánones de regulación y tarifas de riego motivados por obras hidraúlicas
Resto del título : análisis de su estado actual y sugerencias para una reforma de la legislación /
Mención de responsabilidad, etc. Manuel Alvarez Rico, Rafael Fernández Ordoñez, Antonio José Alvarez Calvo.
260 ## - PUBLICACIÓN, DISTRIBUCIÓN, ETC.
Lugar de publicación, distribución, etc. [Madrid :
Nombre del editor, distribuidor, etc. s.n.,
Fecha de publicación, distribución, etc. 1981] (
Fabricante Imp. H. Lago)
300 ## - DESCRIPCIÓN FÍSICA
Extensión 300 p. ;
Dimensiones 30 cm.
700 1# - ENTRADA AGREGADA--NOMBRE PERSONAL
Nombre de persona Fernández Ordóñez, Rafael.
9 (RLIN) 49970
700 1# - ENTRADA AGREGADA--NOMBRE PERSONAL
Nombre de persona Alvarez Calvo, Antonio José.
9 (RLIN) 20720
852 ## - LOCALIZACIÓN
Ubicación ES-MaACL
Número de control de estantería L-1555
Sublocalización o colección R.102191
Holdings
Estatus retirado Estado de pérdida Estado de daño No para préstamo Biblioteca de origen Biblioteca actual Ubicación en estantería Fecha de adquisición Fuente de adquisición Total de préstamos Signatura topográfica completa Código de barras Visto por última vez Precio de reemplazo Tipo de ítem Koha
        Biblioteca del Ateneo de Madrid Biblioteca del Ateneo de Madrid Depósito 2 17/01/2008     L-1555 1023484 23/02/2023 23/02/2023 Libro impreso